| 000 | 01008nam a2200301 i 4500 | ||
|---|---|---|---|
| 003 | DO-SdBNP | ||
| 005 | 20231012133523.0 | ||
| 006 | a||||gr|||| 00| 0 | ||
| 007 | ta | ||
| 008 | 231009e2016 sp ac||| |||| 00| 1 spa d | ||
| 040 |
_aDO-SdBNP _bspa _cBNPHU _erda |
||
| 082 | 4 |
_aG861.44 _bA662p _222 |
|
| 100 | 1 |
_aArango, Luis Alfredo _984417 _eautor |
|
| 245 | 1 | 0 |
_aLos poemas de Al farid / _cLuis Alfredo Arango |
| 264 | 1 |
_aGuatemala : _bCultura, _c2016 |
|
| 300 |
_a55 páginas ; _c22 cm |
||
| 336 |
_2rdacontent _atexto _btxt |
||
| 337 |
_2rdamedia _asin medición _bn |
||
| 338 |
_2rdacarrier _avolumen _bnc |
||
| 490 |
_aPoesia guatemalteca ; _vRafael Landivar, 109 |
||
| 500 | _aIncluye datos biográficos del autor en las solapas | ||
| 586 | _aPremio Nacional de literatura "Miguel Àngel Asturias 1988 | ||
| 590 | _aInventariado 2023 / DG | ||
| 650 | 4 |
_aPoesia guatemalteca _915066 |
|
| 650 | 4 |
_aLiteratura Guatemalteca _95393 |
|
| 910 | _aDG/Validado. Control de calidad MFF | ||
| 942 |
_2ddc _cLBS1 |
||
| 999 |
_c55136 _d55136 |
||